NBA 2K17 ratings - Statistics

General Stats
  • This quiz has been taken 327 times
  • The average score is 10 of 15
Answer Stats
Hint Answer % Correct
96 james
98%
94 curry
97%
93 durant
92%
90 harden
83%
93 westbrook
82%
93 leonard
72%
91 paul
72%
90 davis
70%
90 thompson
67%
90 green
56%
89 lillard
49%
87 griffin
44%
88 wall
42%
87 derozan
37%
88 towns
31%
No matching quizzes found
Score Distribution
Percent of People with Each Score
Percentile by Number Answered
Your Score History
You have not taken this quiz